Loading...
The origins of Shakespeare
| Main Author: | |
|---|---|
| Format: | Printed Book |
| Published: |
Oxofrd, Clarendon Press
1977
|
| Subjects: |
| LEADER | 005650000a22001930004500 | ||
|---|---|---|---|
| 020 | |a 0-19-812080-X | ||
| 041 | |a en | ||
| 082 | |a 822.330 09 JON/O L7 | ||
| 100 | |a Jones, Emrys | ||
| 245 | |a The origins of Shakespeare | ||
| 260 | |a Oxofrd, Clarendon Press | ||
| 260 | |c 1977 | ||
| 650 | |a Criticism | ||
| 650 | |a Drama | ||
| 650 | |a English literature | ||
| 650 | |a Shakespeare William | ||
| 942 | |c BK | ||
| 999 | |c 152181 |d 152177 | ||
| 952 | |0 0 |1 0 |4 0 |6 822_330000000000000_09_JON_O_L7 |7 0 |9 150999 |a SCK |b SCK |d 2017-10-23 |l 0 |o 822.330 09 JON/O L7 |p SCK00681 |r 2017-10-23 |w 2017-10-23 |y BK | ||